| 000 | 00651njm a2200181 i 4500 | ||
|---|---|---|---|
| 001 | C2-0229323 | ||
| 003 | PPAK | ||
| 005 | 20180729152207.0 | ||
| 008 | 000928s1998 my |||| ||||| | may d | ||
| 040 |
_aPPAK _beng _cPPAK _erda |
||
| 245 | 0 | 0 | _aRiwayat hidup Haji Omar Haji Salleh (Haji Omar Kubang Lembu) |
| 264 | 1 |
_aAlor Setar, Kedah : _bPerbadanan Perpustakaan Awam Kedah , _c1998 |
|
| 336 |
_2rdacontent _atext |
||
| 337 |
_2rdamedia _aunmediated |
||
| 338 |
_2rdacarrier _avolume |
||
| 500 | _aTemubual En. Zahidi Dato' Haji Zainol Rashid dengan Dato' Dr. Afifuddin b. Omar ; Dirakamkan pada 26/01/1998 ; Mempunyai transkripsi | ||
| 942 |
_ddc _cB |
||
| 999 |
_c163244 _d163244 |
||